|
|
|
|
| LEADER |
00663nam a22002172a 4500 |
| 001 |
001863970 |
| 003 |
CZ BrMZK |
| 005 |
20230726103125.0 |
| 007 |
ta |
| 008 |
230629s1925 xxk er|||||||||||eng d |
| 040 |
|
|
|a ABA001
|b cze
|c ABA001
|d BOA001
|
| 100 |
1 |
|
|a Hamilton, Mary Agnes,
|d 1884-1966
|7 jn20020129001
|4 aut
|
| 245 |
1 |
0 |
|a Mary Macarthur :
|b a biographical sketch /
|c by Mary Agnes Hamilton
|
| 250 |
|
|
|a 1st published
|
| 260 |
|
|
|a London :
|b L. Parsons,
|c [1925]
|
| 300 |
|
|
|a 209 s.
|
| 910 |
|
|
|a BOA001
|b 1-0213.724
|
| 990 |
|
|
|a BK
|
| 993 |
|
|
|a Y
|
| 991 |
|
|
|b 202307
|
| 996 |
6 |
|
|b BC-2417710
|c 1-0213.724
|l MZK
|r Sklad / do 1 hodiny
|n 0
|w 001931094
|u 000010
|a 1
|e BOA001
|j MZK50
|s P
|